Parole di me /

Đã lưu trong:
Chi tiết về thư mục
Tác giả chính: Riina, Daniele
Định dạng: Sách
Ngôn ngữ:Tiếng Italy
Được phát hành: Villanova di Guidonia : Aletti, 2006
Loạt:Gli emersi
Các nhãn: Thêm thẻ
Không có thẻ, Là người đầu tiên thẻ bản ghi này!

MARC

LEADER 00000nam a22000007i 4500
001 IT\ICCU\CFI\0886990
003 ItRI
005 20240305185924.0
008 140313s2006 it |||||| ||||| |||||c
020 |a 8876800840 
040 |b ita  |c GP 
041 7 |a ita  |2 ISO-639-2 
100 1 |a Riina, Daniele  |0 IT\ICCU\CFIV\314378 
245 1 0 |a Parole di me /  |c Daniele Riina. 
260 |a Villanova di Guidonia :  |b Aletti,  |c 2006 
300 |a 62 p. ;  |c 21 cm 
830 4 |a Gli emersi  |0 IT\ICCU\RMR\0018949 
942 |2 ddc  |c BK 
952 |0 0  |1 0  |2 ddc  |4 0  |6 851_000000000000000_RII  |7 1  |9 870  |a RM  |b RM  |d 2024-03-05  |l 0  |o 851 RII  |p 426  |r 2024-03-05 18:59:43  |w 2024-03-05  |y BK 
981 1 |6 z01  |a i   |b xxxe  
982 1 |6 z01  |a n 
999 |c 827  |d 827